| 000 | 01378cam a22003857a 4500 | ||
|---|---|---|---|
| 003 | CHAP | ||
| 005 | 20220329142249.0 | ||
| 008 | 000407d2000 mx r 00110 spa d | ||
| 010 | _a80744 | ||
| 011 | _a81716 | ||
| 035 | _a92193 | ||
| 040 | _cCHAP | ||
| 090 | _aTesis | ||
| 100 | 0 | 0 |
_aReyes Gómez, Humberto Gabriel. _996852 |
| 245 | 1 | 0 |
_aConocimiento campesino sobre insectos-plaga en maíz-mucuna deeringiana en la Sierra de Santa Marta, Veracruz _c/por Humberto Gabriel Reyes Gómez |
| 260 |
_aChapingo, Méx. : _bEl autor, _c2000. |
||
| 300 | _a159 h. | ||
| 502 | _aTesis (M. C. en Desarrollo Rural Regional) -- UACH. Dirección de Centros Regionales Universitarios | ||
| 590 |
_aALEPH _b10 _c20130110 _lUCH01 _h1434 |
||
| 590 |
_aBATCH-UPD _b10 _c20130110 _lUCH01 _h0555 |
||
| 590 |
_aBATCH-UPD _b10 _c20130110 _lUCH01 _h2315 |
||
| 590 |
_aBATCH-UPD _b10 _c20130410 _lUCH01 _h0237 |
||
| 590 |
_aBATCH-UPD _b10 _c20130914 _lUCH01 _h1133 |
||
| 590 |
_aCONVERSION _b10 _c20130109 _lUCH01 _h1345 |
||
| 650 | 1 | 4 |
_aCultivos de cobertura. _930371 |
| 650 | 1 | 4 |
_aMaíz _xPlagas. _971034 |
| 650 | 1 | 4 |
_aMaíz _xVeracruz. _971085 |
| 650 | 1 | 4 |
_aMucuna deeringiana. _979258 |
| 650 | 1 | 4 |
_aRoza. _9100413 |
| 901 | _aBK | ||
| 905 | _aLilia Sánchez G. | ||
| 942 | _cFOLL | ||
| 949 |
_bBC _cTES _d33724000775664 _eTS2 _fc.2 _h36120 _i92193 _si |
||
| 949 |
_bBC _cTES _d921931 _eTS1 _h36119 _i92193 _sb |
||
| 999 |
_c80744 _d80744 |
||